What is a horse? / Bobbie Kalman & Heather Levigne.
Record details
- ISBN: 0865059845
- ISBN: 0865059616
- Physical Description: 52 pages : color illustrations ; 25 cm.
- Publisher: New York : Crabtree Pub. Co., c2001.
Search for related items by subject
| Subject: | Horses > Juvenile literature. Horses. |
Search for related items by series
Available copies
- 1 of 1 copy available at scottsboropl.
Holds
- 0 current holds with 1 total copy.
Show Only Available Copies
| Location | Call Number / Copy Notes | Barcode | Shelving Location | Status | Due Date |
|---|---|---|---|---|---|
| scottsboropl | J 636.1 Kal | 32269000682107 | Juvenile - NonFiction | Available | - |
| LDR | 00924cam a2200289 a 4500 | ||
|---|---|---|---|
| 001 | 126578 | ||
| 003 | CONS | ||
| 005 | 20140703073303.0 | ||
| 008 | 001213s2001 nyua c 001 0 eng | ||
| 010 | . | ‡a 00069358 | |
| 020 | . | ‡a0865059845 | |
| 020 | . | ‡a0865059616 | |
| 035 | . | ‡a(CPomAG)LMN494181 | |
| 042 | . | ‡apcc ‡alcac | |
| 050 | 0 | 0. | ‡aSF302 ‡b.K35 2001 |
| 082 | 0 | 0. | ‡a636.1 ‡221 |
| 100 | 1 | . | ‡aKalman, Bobbie, ‡d1947- |
| 245 | 1 | 0. | ‡aWhat is a horse? / ‡cBobbie Kalman & Heather Levigne. |
| 260 | . | ‡aNew York : ‡bCrabtree Pub. Co., ‡cc2001. | |
| 300 | . | ‡a52 pages : ‡bcolor illustrations ; ‡c25 cm. | |
| 440 | 4. | ‡aThe Science of living things | |
| 650 | 0. | ‡aHorses ‡vJuvenile literature. | |
| 650 | 1. | ‡aHorses. | |
| 700 | 1 | . | ‡aLevigne, Heather, ‡d1974- |
| 914 | . | ‡dLMN_cm | |
| 959 | . | ‡i32269000682107 ‡lJ636.1 Kal ‡aJuvenile - NonFiction ‡tJuv Nonfiction ‡g17.00 | |
| 852 | . | ‡p32269000682107 ‡jJ636.1 Kal ‡gJuvenile - NonFiction ‡cJuv Nonfiction ‡y17.00 ‡bSBPL | |
| 901 | . | ‡a126578 ‡bUnknown ‡c126578 ‡tbiblio | |